00282nam a22001097a 4500003000400000082001700004100001900021245006300040260002500103300000900128653003500137SGT a617.69bA26G aGahlawat, Neha aArtificial intelligence in prosthodontics and implantology aGurugrambSGTUc2026 a2026 a Prosthodontics & Crown Bridge